Statistics for Државе Африке

Click here to take the quiz!

General Stats

  • This quiz has been taken 17 times
  • The average score is 51 of 54

Answer Stats

Држава % Correct
Алжир
100%
Обала Слоноваче
100%
Мадагаскар
100%
Мароко
100%
Мауританија
100%
Намибија
100%
Нигер
100%
Нигерија
100%
Република Конго
100%
Јужноафричка Република
100%
Сенегал
100%
Сомалија
100%
Судан
100%
Танзанија
100%
Того
100%
Тунис
100%
Чад
100%
Ангола
100%
Либија
100%
Египат
100%
Д.Р. Конго
100%
Боцвана
100%
Габон
100%
Замбија
100%
Етиопија
100%
Гана
100%
Еритреја
100%
Гвинеја
100%
Бенин
93%
Централноафричка Република
93%
Уганда
93%
Гамбија
93%
Сејшели
93%
Руанда
93%
Гвинеја Бисао
93%
Зимбабве
93%
Јужни Судан
93%
Мали
93%
Камерун
93%
Кенија
93%
Либерија
93%
Мозамбик
93%
Есватини
93%
Џибути
93%
Малави
86%
Екваторијална Гвинеја
86%
Лесото
86%
Буркина Фасо
86%
Сијера Леоне
79%
Маурицијус
79%
Зеленортска острва
79%
Бурунди
71%
Комори
64%
Сао Томе и Принсипе
50%

Score Distribution

Percentile by Number Answered

Percent of People with Each Score

Your Score History

You have not taken this quiz